Gender and ideology in translation (Record no. 61745)
[ view plain ]
| 000 -LEADER | |
|---|---|
| fixed length control field | 01707nam a2200385 a 4500 |
| 082 04 - DEWEY DECIMAL CLASSIFICATION NUMBER | |
| Classification number | 418.02019 |
| 100 1# - MAIN ENTRY--AUTHOR NAME | |
| Personal name | Leonardi, Vanessa. |
| 245 10 - TITLE STATEMENT | |
| Title | Gender and ideology in translation |
| 260 ## - PUBLICATION, DISTRIBUTION, ETC. (IMPRINT) | |
| Place of publication | Bern ; |
| -- | New York : |
| Name of publisher | Peter Lang, |
| Year of publication | c2007. |
| 300 ## - PHYSICAL DESCRIPTION | |
| Number of Pages | 323 p. |
| 490 1# - SERIES STATEMENT | |
| Series statement | European university studies. Series XXI, Linguistics, |
| 505 0# - FORMATTED CONTENTS NOTE | |
| Formatted contents note | pt. 1. Theory and methodology -- pt. 2. Practical analysis. |
| 650 #0 - SUBJECT ADDED ENTRY--TOPICAL TERM | |
| Topical Term | Translating and interpreting |
| Topical Term | Language and languages |
| Topical Term | Sex differences (Psychology) |
| Topical Term | Italian language |
| 856 40 - ELECTRONIC LOCATION AND ACCESS | |
| Uniform Resource Identifier | http://site.ebrary.com/lib/rucke/Doc?id=10670628 |
No items available.
